Top-level Subdivision to Country - Statistics

General Stats
  • This quiz has been taken 14 times
  • The average score is 12 of 16
Answer Stats
Hint Answer % Correct
Tasmania Australia
100%
Flanders Belgium
100%
New Brunswick Canada
100%
Hokkaido Japan
100%
Delaware United States
100%
Hubei China
92%
Mato Grosso Brazil
77%
Thuringia Germany
77%
Sikkim India
77%
Balochistan Pakistan
77%
La Pampa Argentina
62%
Basilicata Italy
62%
Asturias Spain
62%
Nayarit Mexico
46%
Ogun Nigeria
38%
Gauteng South Africa
38%
No matching quizzes found
Score Distribution
Percent of People with Each Score
Percentile by Number Answered
Your Score History
You have not taken this quiz